The suicide attitude vignette experience (SAVE) - a search for sexual sterotypes in the perception of suicidal behavior

Gespeichert in:  
Bibliographische Detailangaben
VerfasserInnen: Lester, David 1942- (Verfasst von) ; Guerriero, J. M. (Verfasst von) ; Wachter, S. M. (Verfasst von)
Medienart: Druck Aufsatz
Sprache:Englisch
Veröffentlicht: 1991
In: Death studies
Jahr: 1991, Band: 15, Heft: 5, Seiten: 417-434
Verfügbarkeit prüfen: HBZ Gateway
Schlagwörter:

MARC

LEADER 00000caa a22000002c 4500
001 1640047557
003 DE-627
005 20220608130937.0
007 tu
008 160223s1991 xx ||||| 00| ||eng c
035 |a (DE-627)1640047557 
035 |a (DE-576)456038876 
035 |a (DE-599)BSZ456038876 
040 |a DE-627  |b ger  |c DE-627  |e rakwb 
041 |a eng 
100 1 |a Lester, David  |d 1942-  |0 (DE-588)171303717  |0 (DE-627)061490822  |0 (DE-576)161967361  |4 aut 
109 |a Lester, David 1942- 
245 1 4 |a The suicide attitude vignette experience (SAVE) - a search for sexual sterotypes in the perception of suicidal behavior  |c D. Lester, J.M Guerriero, S.M Wachter 
264 1 |c 1991 
336 |a Text  |b txt  |2 rdacontent 
337 |a ohne Hilfsmittel zu benutzen  |b n  |2 rdamedia 
338 |a Band  |b nc  |2 rdacarrier 
700 1 |a Guerriero, J. M.  |4 aut 
700 1 |a Wachter, S. M.  |4 aut 
773 0 8 |i In  |t Death studies  |d Philadelphia, Pa. [u.a.] : Taylor & Francis, 1985  |g 15(1991), 5, Seite 417-434  |w (DE-627)168085178  |w (DE-600)632596-8  |w (DE-576)015925358  |x 0748-1187  |7 nnas 
773 1 8 |g volume:15  |g year:1991  |g number:5  |g pages:417-434 
935 |a mkri 
951 |a AR 
ELC |b 1 
LOK |0 000 xxxxxcx a22 zn 4500 
LOK |0 001 3301311881 
LOK |0 003 DE-627 
LOK |0 004 1640047557 
LOK |0 005 20160223101040 
LOK |0 008 160208||||||||||||||||ger||||||| 
LOK |0 040   |a DE-21-110  |c DE-627  |d DE-21-110 
LOK |0 689   |a s  |a Suizidneigung 
LOK |0 689   |a s  |a Stereotype 
LOK |0 852   |z Kein Bestand am IfK; Nachweis für KrimDok 
LOK |0 852   |a DE-21-110 
LOK |0 852 1  |m v  |9 00 
LOK |0 935   |a k110 
LOK |0 938   |k v 
LOK |0 939   |a 08-02-16  |b l01 
ORI |a SA-MARC-krimdoka001.raw